00405cam a22001217a 4500008004000000020001500040245006900055260003900124300001000163700001700173999001900190952007400209180718b2002 xxu||||| |||| 00| 0 eng d a8178811243 aManaging innovation in the new millenniumcedited by S.S. George aHyderabadbICFAI Univ. Pressc2002 a175p. aGeorge, S.S. c404872d404872 00104070aIIPAbIIPAd2005-12-12p80712r2018-07-21w2018-07-21yBK